| Tag |
First Indicator |
Second Indicator |
Subfields |
| LEADER |
00000cam a22000001a 4500 |
| 001 |
in00003362621 |
| 006 |
m d f |
| 007 |
cr bn mmmapmmp |
| 008 |
100727s2002 dcu o f000 0 eng d |
| 005 |
20260429175948.1 |
| 035 |
|
|
|a cis2007899734
|
| 040 |
|
|
|a ProQuest
|c ProQuest
|d UtOrBLW
|
| 043 |
|
|
|a n-us---
|
| 099 |
|
|
|a CRS-2002-RSI-0007
|
| 110 |
2 |
|
|a Library of Congress.
|b Congressional Research Service.
|
| 245 |
1 |
0 |
|a Pharmaceutical Patent Term Extensions :
|b A Brief Explanation.
|
| 264 |
|
1 |
|a [Place of publication not identified] :
|b [publisher not identified],
|c 2002.
|
| 300 |
|
|
|a 1 online resource.
|
| 336 |
|
|
|a text
|b txt
|2 rdacontent
|
| 337 |
|
|
|a computer
|b c
|2 rdamedia
|
| 338 |
|
|
|a online resource
|b cr
|2 rdacarrier
|
| 500 |
|
|
|a Record is based on bibliographic data in ProQuest U.S. Congressional Research Digital Collection (last viewed July 2010). Reuse except for individual research requires license from ProQuest, LLC.
|
| 500 |
|
|
|a CRS Report.
|
| 520 |
|
|
|a Explains circumstances under which patent terms may be extended, including delays in the initial administrative process at the Patent and Trademark Office and compensatory extensions available under the Drug Price Competition and Patent Term Restoration Act of 1984. Briefly reviews FDA provision of market exclusivity to pharmaceuticals meeting specific conditions.
|
| 500 |
|
|
|a Electronic resource.
|
| 650 |
|
0 |
|a Drugs.
|
| 650 |
|
0 |
|a Patents.
|
| 650 |
|
0 |
|a Pharmaceutical industry.
|
| 655 |
|
7 |
|a Electronic books.
|2 local
|
| 710 |
2 |
|
|a ProQuest (Firm)
|
| 776 |
0 |
8 |
|i Microfiche version:
|a Library of Congress. Congressional Research Service.
|t Pharmaceutical Patent Term Extensions
|
| 830 |
|
0 |
|a U.S. Congressional Research.
|
| 856 |
4 |
0 |
|u http://proxy.library.tamu.edu/login?url=https://congressional.proquest.com/congcomp/getdoc?CRDC-ID=CRS-2002-RSI-0007
|z Connect to the full text of this electronic book
|t 0
|
| 999 |
|
|
|a MARS
|
| 999 |
f |
f |
|s d7844c64-5b9c-38ed-a3ea-bb696b095efb
|i 0a092615-feaa-303b-b0ae-b3eb5c6af4c9
|t 0
|
| 952 |
f |
f |
|a Texas A&M University
|b College Station
|c Electronic Resources
|s www_evans
|d Available Online
|t 0
|e CRS-2002-RSI-0007
|h Other scheme
|
| 998 |
f |
f |
|a CRS-2002-RSI-0007
|t 0
|l Available Online
|